000 00444nam a2200181Ia 4500
001 21213
005 20260306172903.0
008 260306t2015||||xx |||||||||||||| ||spa||
041 _aESP
082 _a344.2
_bP84
100 _aPrado Saldarriaga,Victor Roberto
_eAUT
245 0 _aDeterminación judicial de la pena
260 _c2015
300 _a251 pƔginas :
_c24 cm.
650 _aGEN
654 _aCDE
942 _cLIB
_dJUS
_fJUS
_2ddc
_n
999 _c21213
_d21213